000 00376pab a2200145 454500
008 180718b1990 xxu||||| |||| 00| 0 eng d
100 _aAlagh, Yoginder K.
245 _aSukhomoy chakravarty
260 _c1990
300 _a47-8
362 _a27 Oct.
650 _aChakravarty, Sukhomoy - Criticism And Interpretation
773 _aMainstream (Annual Number)
909 _a5213
999 _c5213
_d5213